| 000 | 00889cab a2200277 4500 | ||
|---|---|---|---|
| 001 | WB2935-17 | ||
| 008 | 090401t1993 xxu||||| |||| 00| 0 eng d | ||
| 035 | _a(Sirsi) u31191 | ||
| 041 | _aeng | ||
| 245 | _aResale of council homes blocked | ||
| 260 | _c1993 | ||
| 350 | _a0 | ||
| 490 |
_aFinancial Times _v20 September 1993, 10(1) |
||
| 520 | _aResearch in the Midlands confirms fears that owners, who bought homes from local authorities will be unable to sell their properties because of lenders` reluctance to lend on properties of non-traditional construction. | ||
| 650 | _aBIRMINGHAM | ||
| 650 | _aBUILDING SOCIETIES | ||
| 650 | _aLENDING POLICY | ||
| 650 | _aMORTGAGE LENDERS | ||
| 650 | _aMORTGAGES | ||
| 650 | _aNON-TRADITIONAL CONSTRUCTION | ||
| 650 | _aPRC HOMES | ||
| 650 | _aSTEEL FRAME | ||
| 690 | _aHOUSING-FINANCE | ||
| 942 | _n0 | ||
| 948 | _c04/03/1997 | ||
| 999 |
_c20952 _d20952 |
||